How many Andrew Bird songs can you name? - Statistics

General Stats
  • This quiz has been taken 5 times
  • The average score is 37 of 170
Answer Stats
Answer % Correct
Are You Serious
100%
I
100%
Lone Didion
100%
Pulaski at Night
100%
Sisyphus
100%
Atomized
67%
Capsized
67%
Don The Struggle
67%
First Song
67%
Hover I
67%
Hover II
67%
Imitosis
67%
Logan's Loop
67%
Make a Picture
67%
MX Missiles
67%
Oh No
67%
Roma Fade
67%
Sovay
67%
Tenuousness
67%
Three White Horses
67%
Alabaster
33%
Andalucia
33%
A Nervous Tic Motion of the Head to the Left
33%
Anonanimal
33%
Archipelago
33%
Armchairs
33%
Auld Lang Syne
33%
Bellevue
33%
Bellevue Bridge Club
33%
Beyond the Valley of the Three White Horses
33%
Bloodless
33%
Christmas In April
33%
Darkmatter
33%
Desperation Breeds...
33%
Eight
33%
Ethio Invention no. 1
33%
Ethio Invention no. 2
33%
Eyeoneye
33%
Faithless Ghost
33%
Fake Palindromes
33%
Fiery Crash
33%
Give It Away
33%
Greenwine
33%
Heretics
33%
Hole in the Ocean Floor
33%
Inside Problems
33%
Intro
33%
Left Handed Kisses
33%
Lit from Underneath
33%
Lull
33%
Lusitania
33%
Masterfade
33%
Master Sigh
33%
Masterswarm
33%
Measuring Cups
33%
Mormon House Party
33%
Never Fall Apart
33%
Night's Falling
33%
Nomenclature
33%
Nuthinduan Waltz
33%
Olympians
33%
On Ho
33%
Opposite Day
33%
Plasticities
33%
Polynation
33%
Puma
33%
Railroad Bill
33%
Saints Preservus
33%
Section 8 City
33%
Skating
33%
Skin
33%
Skin Is, My
33%
Something Biblical
33%
Spare-Ohs
33%
Spirograph
33%
Tables and Chairs
33%
The Happy Birthday Song
33%
The New Saint Jude
33%
The Night Before Your Birthday
33%
Tik Tok
33%
Truth Lies Low
33%
Two Sisters
33%
Underlands
33%
Weather Systems
33%
When That Helicopter Comes
33%
Yawny at the Apocalypse
33%
0%
0%
Action/Adventure
0%
Ambivalence Waltz
0%
Antrozous
0%
Banking on a Myth
0%
Before the Germans Came
0%
Behind the Barn
0%
Belles
0%
Black-Crowned Night-Heron
0%
Carrion Suite
0%
Cataracts
0%
Chemical Switches
0%
Christmas Is Coming
0%
Cracking Codes
0%
Dance of Death
0%
Danse Caribe
0%
Danse Carribe
0%
Dear Killdear
0%
Don't Be Scared
0%
Down Under the Hyperion Bridge
0%
Effigy
0%
Ellipses
0%
Epilogue
0%
Fallorun
0%
Fatal Shore
0%
Festivus
0%
Fitz and the Dizzyspells
0%
Fixed Positions
0%
Glad
0%
Groping the Dark
0%
Gypsy Moth
0%
Heaven’s Boughs
0%
If I Needed You
0%
Improvisation on a Familiar Theme
0%
Lazuli Bunting
0%
Lazy Projector
0%
Make Hay
0%
Mancey
0%
Manifest
0%
Meet Me Here at Dawn
0%
Mille Cherubini in Coro
0%
Minor Beatrice
0%
Mo Teef
0%
Natural Disaster
0%
Near Death Experience Experience
0%
Not a Robot, but a Ghost
0%
Oh Baltimore
0%
Oh Holy Night
0%
Oh So Insistent
0%
Oh So Sad
0%
Opposite Day Reprise
0%
Orpheo Looks Back
0%
Ouo
0%
Pathetique
0%
Proxy War
0%
Ratitat/Peter's Wolf/Oblivious Reel
0%
Rhodéàöh
0%
Rising Water
0%
Scythian Empires
0%
Sifters
0%
Simple X
0%
Song of Foot
0%
Souvenirs
0%
Souverian
0%
St. Francis Reel
0%
Stop n’ Shop
0%
Sweep the Field
0%
The Barn Tapes
0%
The Canyon Wants to Hear C Sharp
0%
The Cormorants
0%
The Green Heron
0%
The Greenhorn/Exile of Erin/Glasgow Reel
0%
The Naming of Things
0%
The Privateers
0%
The Return of Yawny
0%
The Sifters
0%
The Supine
0%
Unfolding Fans
0%
Valleys of the Young
0%
What We Saw
0%
White Christmas
0%
You Woke Me Up!
0%
No matching quizzes found
Score Distribution
Percent of People with Each Score
Percentile by Number Answered
Your Score History
You have not taken this quiz